Normal view MARC view

Entry Topical Term

Number of records used in: 1

001 - CONTROL NUMBER

  • control field: 51593

003 - CONTROL NUMBER IDENTIFIER

  • control field: OSt

005 - DATE AND TIME OF LATEST TRANSACTION

  • control field: 20250325105553.0

008 - FIXED-LENGTH DATA ELEMENTS

  • fixed length control field: 250325|| aca||aabn | a|a d

040 ## - CATALOGING SOURCE

  • Original cataloging agency: OSt
  • Transcribing agency: OSt

150 ## - HEADING--TOPICAL TERM

  • Topical term or geographic name entry element: Job, Police, Stressful, Risky, Occupational demands, Traffic police personnel, Open environment, Job demands, Vulnerable, Pollution.

670 ## - SOURCE DATA FOUND

  • Source citation: Work cat.: (OSt)525728: Dey, Arindam et al 51592, Effect of air pollution on cardio-respiratory health of traffic police personnel in northern part of the Kolkata

Powered by Koha